Companies Act (Record no. 3584)

MARC details
000 -LEADER
fixed length control field 00349nam a22001577a 4500
005 - DATE AND TIME OF LATEST TRANSACTION
control field 20180412114004.0
008 - FIXED-LENGTH DATA ELEMENTS--GENERAL INFORMATION
fixed length control field 160622b xxu||||| |||| 00| 0 eng d
020 ## - INTERNATIONAL STANDARD BOOK NUMBER
ISBN 81-7496-024-4
041 ## - LANGUAGE CODE
Language code of text/sound track or separate title eng
082 ## - DEWEY DECIMAL CLASSIFICATION NUMBER
Item number 9248
Classification number 346.066
245 ## - TITLE STATEMENT
Title Companies Act
260 ## - PUBLICATION, DISTRIBUTION, ETC. (IMPRINT)
Name of publisher Taxmanns
Year of publication 1995
300 ## - PHYSICAL DESCRIPTION
Number of Pages 1.625
650 ## - SUBJECT ADDED ENTRY--TOPICAL TERM
Topical Term Management
942 ## - ADDED ENTRY ELEMENTS (KOHA)
Koha item type Books
Holdings
Lost status Damaged status Collection code Home library Current library Shelving location Date acquired Cost, normal purchase price Full call number Accession Number Koha item type
    LAW JRU Library JRU Library SHELF-29-E 22/06/2016 130.00 346.066 9248 Books